| 000 | 01696nam a22002537a 4500 | ||
|---|---|---|---|
| 999 |
_c22063 _d22063 |
||
| 003 | AR-CdUCM | ||
| 008 | 190425b ||||| |||| 00| 0 spa d | ||
| 040 |
_aMUNICIPALIDAD PROVINCIAL DEL CUSCO _cBIBLIOTECA MUNICIPAL DEL CUSCO |
||
| 082 | _aRev.MAS ALLA/N°2/1922 | ||
| 245 |
_aRevista Más Allá.... : _brevista mensual literario científica / _cDirector G.A. Gonzáles Willis |
||
| 260 |
_aCusco : _bH.G. Rozas, _c1922. |
||
| 300 |
_a122 páginas. : _c21 cm. |
||
| 440 |
_aRevista Más Allá. _nAño I, julio de 1922, Número,2. _947326 |
||
| 505 | _aContenido: 28 de julio. -- La coca. Raquel M. Bocángel. -- Relaciones que existen entre los tres reinos naturales. Elsa Esther María del Castro. -- El tabaco. Sampablo. -- Vida poblana. K-Nuto. -- La química de los cuerpos volátiles. F. Pareja. -- Vude Retro. Sixto Coello. -- El Basilo de Nicolaier i el vidrion septico en el Cuzco. G. A. Gonzáles Willis. -- Poemas. -- Seroterapia. Willis. -- De arte el nacionalismo e nuestro medio. El Conde de Canchis. -- Ideologías. Juvenal. -- Khipu pre colombiano. Lucas Caparó. -- Varios algo sueltos de América i Cuzco. Antonio Lorena. -- Agua regia. Luis E. Valcárcel. -- Asuntos musicales. J. Castro. -- La edad de la tierra. Francisco Sivirichi. -- Florula cuzcoensis. Fortunato L. Herrera. -- El Mitayo. Manuel Gonzáles Prada. -- Pensamientos. Manuel Gonzáles Prada. | ||
| 650 |
_aLiteratura cusqueña _946755 |
||
| 650 |
_aQuímica _94512 |
||
| 650 |
_aPoesía cusqueña _92323 |
||
| 650 |
_aHistoria del Cusco _91714 |
||
| 700 |
_aSivirichi, Francisco _946756 |
||
| 700 |
_aValcárcel, Luis _98720 |
||
| 700 |
_aGonzales Willis, G. A _947327 |
||
| 942 |
_2ddc _cPP |
||
| 945 | _arac | ||